Le avventure del soggetto. Contributo teorico-comparativo sulle nuove forme di soggettività giuridica.

Saved in:
Bibliografiske detaljer
Hovedforfatter: Míguez Núñez, Rodrigo (autore)
Format: Bog
Udgivet: Milano, Italia: Mimesis, 2018.
Serier:The Cardozo electronic law bulletin monograph series
Fag:
Tags: Tilføj Tag
Ingen Tags, Vær først til at tagge denne postø!

MARC

LEADER 00000nam a22000007a 4500
003 CL-VaPUC
005 20220822114651.0
008 220719t2018 ||||| |||| 00| 0 eng d
999 |c 437282  |d 437280 
020 |a 9788857554426 
040 |c Pontificia Universidad Católica de Valparaíso 
082 7 |a 346.012 MIG 2018  |2 22 
100 1 |a Míguez Núñez, Rodrigo   |e autore  |9 873391 
245 |a Le avventure del soggetto.  |b Contributo teorico-comparativo sulle nuove forme di soggettività giuridica. 
260 |a Milano, Italia:   |b Mimesis,   |c 2018. 
300 |a 150 páginas. 
490 |a The Cardozo electronic law bulletin monograph series  |n  4. 
500 |a c.1 Donación Familia Prof. Alejandro Guzmán Brito. 
583 |c 20220719  |k Catalogador Asistente 
650 |a Sujetos de derecho  |9 873409 
942 |2 ddc  |c BK  |n 0 
952 |0 0  |1 0  |2 ddc  |4 0  |6 346_012000000000000_MIG_2018  |7 1  |8 C_AGB  |9 585040  |a BIBDER  |b BIBDER  |d 2022-07-19  |e Donación  |i 5653113  |o 346.012 MIG 2018  |p 5653113  |r 2023-01-25  |t 1  |w 2022-07-19  |y BK_US  |k AGB